| 000 | 00648nam a2200217 a 4500 | ||
|---|---|---|---|
| 001 | 1743 | ||
| 003 | CDMR | ||
| 005 | 20131106112940.0 | ||
| 008 | 130130s1991||||||||||||||||||||||||||||d | ||
| 020 | _a8460604284 | ||
| 040 |
_aCDMR _bcat _cCDMR |
||
| 100 | 1 |
_aPassarell, Jaume _93326 _d1889-1975 |
|
| 245 | 1 | 0 |
_aJaume Passarell i Ribó _b: obra publicada _cMargarida Abras Pou |
| 260 |
_aBadalona _c1991 _bMuseu de Badalona |
||
| 300 |
_a142 p. _bil. b/n _c30 cm |
||
| 490 | 0 |
_aMonografies Badalonines _v13 |
|
| 600 |
_93326 _aPassarell, Jaume _d1889-1975 |
||
| 650 | 0 | 4 |
_93084 _aHumorisme gràfic |
| 700 | 1 |
_91305 _aAbras Pou, Margarida |
|
| 942 |
_cMON _2udc |
||
| 999 |
_c1743 _d1743 |
||